Filme zusammensetzen #3 (Forrest Gump) - Statistiken

Allgemein
  • Dieses Quiz wurde 41 mal gespielt
  • Das Durchschnittsergebnis liegt bei 56 aus 81
Antwortstatistiken
Frage Kachel Select % Korrekt
1. Szene Nein
90%
1. Szene Ja
87%
1. Szene Nein
87%
1. Szene Nein
87%
1. Szene Nein
87%
1. Szene Nein
87%
1. Szene Nein
84%
1. Szene Nein
84%
2. Szene Nein
84%
1. Szene Nein
81%
2. Szene Nein
81%
2. Szene Nein
81%
3. Szene Nein
81%
3. Szene Nein
81%
3. Szene Nein
81%
4. Szene Nein
81%
4. Szene Nein
81%
5. Szene Nein
81%
2. Szene Nein
77%
3. Szene Nein
77%
3. Szene Nein
77%
4. Szene Nein
77%
4. Szene Nein
77%
4. Szene Nein
77%
4. Szene Nein
77%
5. Szene Nein
77%
2. Szene Nein
74%
2. Szene Nein
74%
3. Szene Nein
74%
3. Szene Nein
74%
5. Szene Nein
74%
5. Szene Nein
74%
5. Szene Nein
74%
6. Szene Nein
74%
6. Szene Nein
74%
7. Szene Nein
74%
7. Szene Nein
74%
7. Szene Nein
74%
8. Szene Nein
74%
8. Szene Nein
74%
8. Szene Nein
74%
8. Szene Nein
74%
2. Szene Nein
71%
2. Szene Nein
71%
5. Szene Nein
71%
6. Szene Nein
71%
6. Szene Nein
71%
6. Szene Nein
71%
7. Szene Nein
71%
6. Szene Nein
68%
8. Szene Nein
68%
9. Szene Nein
68%
9. Szene Nein
68%
9. Szene Nein
68%
9. Szene Nein
68%
7. Szene Nein
65%
7. Szene Nein
65%
8. Szene Nein
65%
8. Szene Nein
65%
8. Szene Nein
65%
9. Szene Nein
65%
9. Szene Nein
65%
4. Szene Nein
61%
5. Szene Nein
61%
6. Szene Nein
61%
6. Szene Nein
61%
7. Szene Nein
61%
7. Szene Nein
61%
3. Szene Nein
58%
4. Szene Nein
58%
5. Szene Nein
55%
9. Szene Nein
55%
2. Szene Ja
52%
8. Szene Ja
48%
9. Szene Nein
48%
3. Szene Ja
42%
6. Szene Ja
35%
4. Szene Ja
32%
7. Szene Ja
32%
9. Szene Ja
32%
5. Szene Ja
26%
Keine übereinstimmenden Quizze gefunden
Verteilung der Resultate
Anzahl Personen mit jedem Resultat
Perzentil nach korrekt beantworteten Fragen
Ihre Resultats-Entwicklung
Sie haben dieses Quiz noch nicht gespielt